000 00640nam a2200217Ii 4500
003 JO-AjNU
008 230606s9999||||xx |||||||||||||| ||und||
020 _a0-205-15338-0
040 _aJO-AjNU
_beng
_erda
_cJO-AjNU
041 _aeng
050 1 4 _aHD31.C413.1994
100 3 _aCERTO,SAMUEL C,
_eauthor
_92974
245 0 0 _aMODERN MANAGEMENT:Diversity,Quality,Ethics and the Global Environment
250 _a6th ed
264 3 1 _aBoston:ALLYN AND BACON INC,1994
300 _a699p
336 _atext
_btxt
_2rdacontent
337 _aunmediated
_bn
_2rdamedia
338 _avolume
_bnc
_2rdacarrier
650 4 _aMODERN MANAGEMENT
_92975
999 _aE1558
_c1558
_d1558